[Event "Mercredi 2026.02.18 ABCD"]
[Site "Montreal CAN"]
[Date "2026.02.25"]
[Round "2"]
[White "Batorshyn, Ilia"]
[Black "Chapdelaine, Gwyn"]
[Result "1-0"]
[WhiteElo "2274"]
[BlackElo "2076"]
[WhiteFideId "-1"]
[BlackFideId "-1"]
[PlyCount "91"]
[GameId "2289508456933221"]
[EventDate "2026.02.18"]
[EventType "tourn"]
[EventRounds "5"]
[EventCountry "CAN"]

1. e4 e5 2. Nf3 Nc6 3. d4 exd4 4. Nxd4 Bc5 5. Nb3 Bb4+ 6. c3 Be7 7. Bd3 Nf6 8. f4 d6 9. O-O Qd7 10. N1d2 b6 11. Qe2 Bb7 12. Nf3 Rd8 13. Bc2 Qg4 14. h3 Qg3 15. Nfd4 Nxd4 16. Nxd4 g6 17. Bd2 Qh4 18. e5 dxe5 19. fxe5 Nh5 20. Ba4+ c6 21. Be1 Qg5 22. h4 Qh6 23. g4 Ng7 24. g5 Bxg5 25. hxg5 Qxg5+ 26. Qg2 Qxg2+ 27. Kxg2 b5 28. Bd1 c5+ 29. Bf3 cxd4 30. Bxb7 Nf5 31. Bc6+ Kf8 32. Bf2 dxc3 33. bxc3 Rc8 34. Bxb5 Rxc3 35. Rac1 Rxc1 36. Rxc1 Ke7 37. Rc6 Rb8 38. Bc5+ Kd8 39. a4 h5 40. Bxa7 Rb7 41. Bb6+ Ke7 42. a5 Nd4 43. Bc5+ Kd7 44. Rd6+ Kc7 45. Bb6+ Kc8 46. Rd8# 1-0

[Event "Mercredi 2026.02.18 ABCD"]
[Site "Montreal CAN"]
[Date "2026.02.25"]
[Round "2"]
[White "Ramesan, Raunak Amit"]
[Black "Di Matteo, Alessio"]
[Result "1-0"]
[WhiteElo "2116"]
[BlackElo "2048"]
[WhiteFideId "-1"]
[BlackFideId "-1"]
[PlyCount "89"]
[GameId "2289508456933222"]
[EventDate "2026.02.18"]
[EventType "tourn"]
[EventRounds "5"]
[EventCountry "CAN"]

1. e4 c5 2. Nf3 e6 3. d4 cxd4 4. Nxd4 Nc6 5. Nc3 Bc5 6. Ndb5 Nf6 7. Nd6+ Ke7 8. Bf4 e5 9. Nf5+ Kf8 10. Bg5 d6 11. Qd2 a6 12. Nxg7 h6 13. Bxh6 Bxf2+ 14. Kd1 Rxh6 15. Qxh6 Kg8 16. Qg5 Kf8 17. Nf5 Bxf5 18. Qxf5 Be3 19. Bc4 Nd4 20. Qh3 Bg5 21. Qh8+ Ke7 22. Qxd8+ Rxd8 23. Nd5+ Nxd5 24. Bxd5 Rh8 25. c3 Nc6 26. g3 Rf8 27. Rf1 f6 28. h4 Bh6 29. Ke2 Rh8 30. Rf3 Bg7 31. Raf1 Rh6 32. Rh1 Nd8 33. h5 b6 34. g4 Rh8 35. Rhf1 Rf8 36. g5 fxg5 37. Rxf8 Bxf8 38. Kf3 Bh6 39. Kg4 Ne6 40. Bxe6 Kxe6 41. c4 b5 42. b3 bxc4 43. bxc4 a5 44. a4 Ke7 45. Rf5 1-0

[Event "Mercredi 2026.02.18 ABCD"]
[Site "Montreal CAN"]
[Date "2026.03.04"]
[Round "3"]
[White "Latorre, Vincent"]
[Black "Ramesan, Raunak Amit"]
[Result "1/2-1/2"]
[WhiteElo "2383"]
[BlackElo "2116"]
[WhiteFideId "-1"]
[BlackFideId "-1"]
[PlyCount "80"]
[GameId "2289508456933223"]
[EventDate "2026.02.18"]
[EventType "tourn"]
[EventRounds "5"]
[EventCountry "CAN"]

1. e4 e5 2. Nf3 Nc6 3. Bc4 Nf6 4. d3 h6 5. a4 Bc5 6. c3 a5 7. O-O d6 8. Be3 Bxe3 9. fxe3 O-O 10. Nbd2 Be6 11. Qe1 Bxc4 12. Nxc4 d5 13. Ncxe5 Nxe5 14. Nxe5 dxe4 15. d4 Nd7 16. Nc4 Qg5 17. b4 axb4 18. cxb4 b5 19. Nd2 bxa4 20. Nxe4 Qd5 21. Ng3 g6 22. Kh1 Nb6 23. Qf2 Kh7 24. Rac1 Ra7 25. Rc5 Qb3 26. Ne4 Nd7 27. Rc6 a3 28. Qh4 a2 29. Rcc1 Qxe3 30. Rce1 Qd3 31. h3 Kg7 32. Nf6 Qxf1+ 33. Rxf1 a1=Q 34. Nh5+ gxh5 35. Rxa1 Rxa1+ 36. Kh2 Nf6 37. Qg3+ Kh7 38. Qxc7 Kg7 39. Qg3+ Kh7 40. Qd6 Kg7 1/2-1/2

[Event "Mercredi 2026.02.18 ABCD"]
[Site "Montreal CAN"]
[Date "2026.03.04"]
[Round "3"]
[White "Chapdelaine, Gwyn"]
[Black "Navarro, Pavel"]
[Result "1-0"]
[WhiteElo "2076"]
[BlackElo "2021"]
[WhiteFideId "-1"]
[BlackFideId "-1"]
[PlyCount "77"]
[GameId "2289508456933224"]
[EventDate "2026.02.18"]
[EventType "tourn"]
[EventRounds "5"]
[EventCountry "CAN"]

1. e4 c5 2. Nf3 d6 3. d4 cxd4 4. Nxd4 Nf6 5. Nc3 a6 6. Be2 e6 7. O-O Be7 8. f4 Qc7 9. a4 Nc6 10. Be3 O-O 11. Nb3 b6 12. Bf3 Bb7 13. Qe1 Rfe8 14. Qf2 Nd7 15. Nd2 Nb4 16. Rfc1 Bf8 17. Na2 Nxa2 18. Rxa2 d5 19. c4 d4 20. Bxd4 e5 21. fxe5 Nxe5 22. Bxb6 Qc6 23. Be2 Re6 24. a5 Rd8 25. b3 Rf6 26. Qe3 Qc8 27. Kh1 Re8 28. c5 Rh6 29. Rac2 Nc6 30. Bf3 Nb4 31. Rc4 Nd5 32. Qxh6 gxh6 33. exd5 Qf5 34. c6 Bc8 35. Rg4+ Kh8 36. Bd4+ f6 37. Ne4 Qxg4 38. Bxg4 Rxe4 39. Bxf6+ 1-0

[Event "Mercredi 2026.02.18 ABCD"]
[Site "Montreal CAN"]
[Date "2026.03.04"]
[Round "3"]
[White "Di Matteo, Alessio"]
[Black "Batorshyn, Ilia"]
[Result "0-1"]
[WhiteElo "2048"]
[BlackElo "2274"]
[WhiteFideId "-1"]
[BlackFideId "-1"]
[PlyCount "62"]
[GameId "2289508456933225"]
[EventDate "2026.02.18"]
[EventType "tourn"]
[EventRounds "5"]
[EventCountry "CAN"]

1. d4 d5 2. c4 c6 3. Nf3 Nf6 4. Nc3 e6 5. g3 dxc4 6. Bg2 Nbd7 7. O-O b5 8. e4 b4 9. e5 Nd5 10. Ne4 Be7 11. Bg5 O-O 12. Qe2 a5 13. Bxe7 Qxe7 14. Rfd1 Ba6 15. Qc2 c5 16. dxc5 Nxc5 17. Nxc5 Qxc5 18. Ng5 g6 19. Ne4 Qc7 20. Rxd5 exd5 21. Nf6+ Kg7 22. Re1 Bb7 23. Qc1 Ra6 24. Qf4 Qd8 25. Ng4 h5 26. Qh6+ Kg8 27. e6 Qe7 28. Ne5 Rxe6 29. f4 Qf6 30. Bh3 Re7 31. Bd7 Qg7 0-1

[Event "Mercredi 2026.02.18 ABCD"]
[Site "Montreal CAN"]
[Date "2026.03.11"]
[Round "4"]
[White "Navarro, Pavel"]
[Black "Ramesan, Raunak Amit"]
[Result "0-1"]
[WhiteElo "2021"]
[BlackElo "2116"]
[WhiteFideId "-1"]
[BlackFideId "-1"]
[PlyCount "92"]
[GameId "2289508456933226"]
[EventDate "2026.02.18"]
[EventType "tourn"]
[EventRounds "5"]
[EventCountry "CAN"]

1. e4 e5 2. Nf3 Nc6 3. Bb5 a6 4. Bxc6 dxc6 5. O-O f6 6. d4 exd4 7. Nxd4 c5 8. Nb3 Qxd1 9. Rxd1 Bd7 10. Be3 b6 11. a4 O-O-O 12. N1d2 Ne7 13. a5 Kb7 14. Nc4 Nc6 15. axb6 cxb6 16. Nd6+ Bxd6 17. Rxd6 Bg4 18. Rxd8 Rxd8 19. f3 Be6 20. Nd2 Nd4 21. Bxd4 Rxd4 22. Nf1 Rb4 23. b3 c4 24. bxc4 Rxc4 25. Ne3 Rc3 26. Kf2 b5 27. Ke2 Kb6 28. Rd1 a5 29. Rd8 Rc7 30. Nd5+ Bxd5 31. exd5 Rxc2+ 32. Kd3 Rxg2 33. Rc8 Rg1 34. Rc6+ Kb7 35. Rc5 b4 36. Rxa5 Kb6 37. Ra8 Kc5 38. Rb8 Rd1+ 39. Ke4 Re1+ 40. Kf4 Re5 41. Rb7 g5+ 42. Kg4 Rxd5 43. Rxh7 Rd4+ 44. Kg3 b3 45. Rc7+ Kb4 46. Rb7+ Kc3 0-1

[Event "Mercredi 2026.02.18 ABCD"]
[Site "Montreal CAN"]
[Date "2026.03.11"]
[Round "4"]
[White "Chapdelaine, Gwyn"]
[Black "Di Matteo, Alessio"]
[Result "1-0"]
[WhiteElo "2076"]
[BlackElo "2048"]
[WhiteFideId "-1"]
[BlackFideId "-1"]
[PlyCount "89"]
[GameId "2289508456933227"]
[EventDate "2026.02.18"]
[EventType "tourn"]
[EventRounds "5"]
[EventCountry "CAN"]

1. e4 c5 2. Nf3 e6 3. d4 cxd4 4. Nxd4 a6 5. Nc3 b5 6. Be2 Bb7 7. Bf3 Ne7 8. Bg5 f6 9. e5 fxg5 10. Bxb7 Ra7 11. Be4 g6 12. O-O Bg7 13. Qd2 Bxe5 14. Rad1 Qb6 15. Nf3 Bf4 16. Qe2 g4 17. Nd4 O-O 18. Qxg4 Be5 19. Nce2 Qc7 20. h4 h5 21. Qg5 Bf6 22. Qh6 Bg7 23. Qe3 Qb6 24. Nc6 Qxe3 25. Nxe7+ Kf7 26. fxe3+ Kxe7 27. Rxf8 Kxf8 28. Rf1+ Kg8 29. Bxg6 Bxb2 30. Bxh5 Nc6 31. Nf4 Nb4 32. Bg6 Nxa2 33. h5 Bg7 34. g4 Bh6 35. Nh3 Bxe3+ 36. Kg2 d5 37. g5 e5 38. h6 Bc5 39. Bf5 Nc3 40. g6 Re7 41. Ng5 Ne2 42. Be6+ Rxe6 43. Nxe6 Bd6 44. h7+ Kh8 45. g7+ 1-0

[Event "Mercredi 2026.02.18 ABCD"]
[Site "Montreal CAN"]
[Date "2026.03.17"]
[Round "4"]
[White "Batorshyn, Ilia"]
[Black "Latorre, Vincent"]
[Result "0-1"]
[WhiteElo "2274"]
[BlackElo "2383"]
[WhiteFideId "-1"]
[BlackFideId "-1"]
[PlyCount "100"]
[GameId "2289508456933228"]
[EventDate "2026.02.18"]
[EventType "tourn"]
[EventRounds "5"]
[EventCountry "CAN"]

1. c4 Nf6 2. g3 c6 3. Bg2 d5 4. cxd5 cxd5 5. Nf3 Nc6 6. d4 Bf5 7. Nc3 e6 8. O-O Be7 9. Bg5 h6 10. Bxf6 Bxf6 11. e3 O-O 12. Rc1 Be7 13. Re1 Rc8 14. Bf1 Bg4 15. Be2 Bxf3 16. Bxf3 Na5 17. Re2 Nc4 18. Rec2 Qa5 19. Be2 Bb4 20. Bxc4 dxc4 21. Ne2 b5 22. b3 Ba3 23. Rb1 c3 24. Nf4 Bd6 25. Ne2 b4 26. Qd3 e5 27. a4 Rfd8 28. d5 Be7 29. Rd1 Rc5 30. e4 f5 31. f3 fxe4 32. fxe4 Rc6 33. Rf1 Qb6+ 34. Kg2 Rf6 35. Rxf6 Qxf6 36. Ng1 Rf8 37. Nf3 g5 38. Qe2 Bc5 39. h3 a5 40. Rc1 h5 41. Rf1 g4 42. hxg4 hxg4 43. Ne1 Qg5 44. Rxf8+ Kxf8 45. Nd3 Bd4 46. Kf1 Qh6 47. Ke1 Qh3 48. Qf1+ Ke8 49. Qxh3 gxh3 50. Kf1 c2 0-1

[Event "Mercredi 2026.02.18 ABCD"]
[Site "Montreal CAN"]
[Date "2026.03.18"]
[Round "5"]
[White "Di Matteo, Alessio"]
[Black "Navarro, Pavel"]
[Result "1-0"]
[WhiteElo "2048"]
[BlackElo "2021"]
[WhiteFideId "-1"]
[BlackFideId "-1"]
[PlyCount "75"]
[GameId "2289508456933229"]
[EventDate "2026.02.18"]
[EventType "tourn"]
[EventRounds "5"]
[EventCountry "CAN"]

1. d4 Nf6 2. c4 g6 3. Nc3 Bg7 4. e4 d6 5. Nf3 O-O 6. Be2 e5 7. O-O Nc6 8. d5 Ne7 9. b4 Nh5 10. Re1 f5 11. a4 Nf6 12. a5 Kh8 13. Ba3 Bh6 14. Bc1 Bxc1 15. Qxc1 f4 16. c5 g5 17. Nxg5 h6 18. Ne6 Bxe6 19. dxe6 Nc6 20. cxd6 cxd6 21. Qa3 Nd4 22. Nd5 Nxd5 23. exd5 Nc2 24. Qh3 Qg5 25. Bb5 Nxa1 26. Rxa1 f3 27. g3 Rac8 28. e7 Qxe7 29. Qxh6+ Qh7 30. Qxd6 Qg7 31. Re1 e4 32. Rxe4 Rc1+ 33. Bf1 Qf6 34. Re6 Rfc8 35. Re8+ Kg7 36. Qd7+ Kg6 37. Qg4+ Kf7 38. Qg8# 1-0

[Event "Mercredi 2026.02.18 ABCD"]
[Site "Montreal CAN"]
[Date "2026.03.18"]
[Round "5"]
[White "Latorre, Vincent"]
[Black "Chapdelaine, Gwyn"]
[Result "1-0"]
[WhiteElo "2383"]
[BlackElo "2076"]
[WhiteFideId "-1"]
[BlackFideId "-1"]
[PlyCount "61"]
[GameId "2289508456933230"]
[EventDate "2026.02.18"]
[EventType "tourn"]
[EventRounds "5"]
[EventCountry "CAN"]

1. e4 c6 2. d4 d5 3. e5 Bf5 4. Nf3 e6 5. Be2 c5 6. Be3 Qb6 7. Nc3 Nc6 8. O-O c4 9. Nh4 Nge7 10. g4 Bg6 11. Rb1 h5 12. Nxg6 Nxg6 13. gxh5 Nh4 14. Bg4 Be7 15. Ne2 O-O-O 16. c3 f5 17. exf6 gxf6 18. Bxe6+ Kb8 19. Nf4 Ka8 20. Kh1 Na5 21. b4 cxb3 22. axb3 f5 23. Bxd5 Bg5 24. c4 Rd7 25. Ng2 Nxg2 26. Bxg5 Rg7 27. Rg1 Rxg5 28. Rxg2 Rgxh5 29. Qxh5 Rxh5 30. Rg8+ Qd8 31. Rxd8# 1-0

[Event "Mercredi 2026.02.18 ABCD"]
[Site "Montreal CAN"]
[Date "2026.03.18"]
[Round "5"]
[White "Ramesan, Raunak Amit"]
[Black "Batorshyn, Ilia"]
[Result "0-1"]
[WhiteElo "2116"]
[BlackElo "2274"]
[WhiteFideId "-1"]
[BlackFideId "-1"]
[PlyCount "64"]
[GameId "2289508456933231"]
[EventDate "2026.02.18"]
[EventType "tourn"]
[EventRounds "5"]
[EventCountry "CAN"]

1. e4 c5 2. Nf3 Nf6 3. e5 Nd5 4. Nc3 e6 5. Ne4 f5 6. Nc3 Nb4 7. Bc4 a6 8. a3 N4c6 9. a4 Qc7 10. O-O Nd4 11. Re1 Nbc6 12. d3 b6 13. Bf4 Bb7 14. Nxd4 Nxd4 15. Nb1 Qc6 16. f3 g5 17. Be3 g4 18. Bxd4 cxd4 19. Nd2 Rg8 20. Kh1 Bh6 21. Rf1 Bxd2 22. Qxd2 gxf3 23. Rf2 Rxg2 24. b4 b5 25. Bb3 Rxf2 26. Qxf2 Qc3 27. Rg1 Qd2 28. Rf1 bxa4 29. Bxa4 Qxb4 30. Bb3 Qd2 31. h3 Qxf2 32. Rxf2 Ke7 0-1

[Event "Mercredi 2026.02.18 ABCD"]
[Site "Montreal CAN"]
[Date "2026.02.18"]
[Round "1"]
[White "Porlier, Xavier"]
[Black "Mok, Yuen Tak"]
[Result "0-1"]
[WhiteElo "1952"]
[BlackElo "1933"]
[WhiteFideId "-1"]
[BlackFideId "-1"]
[PlyCount "128"]
[GameId "2289508456998768"]
[EventDate "2026.02.18"]
[EventType "tourn"]
[EventRounds "5"]
[EventCountry "CAN"]

1. e4 c6 2. d4 d5 3. exd5 cxd5 4. Nf3 Nf6 5. c4 g6 6. Nc3 Bg7 7. cxd5 Nxd5 8. Bc4 Nb6 9. Bb3 O-O 10. h3 Nc6 11. Be3 Na5 12. Bc2 Nac4 13. Bc1 Nd6 14. O-O Nf5 15. Ne2 Be6 16. Bb3 Bd5 17. Bxd5 Qxd5 18. Nf4 Qd6 19. Qb3 Nxd4 20. Nxd4 Qxd4 21. Rd1 Qf6 22. a4 Rad8 23. Rxd8 Rxd8 24. a5 Nc8 25. Be3 Qxb2 26. Qxb2 Bxb2 27. Rb1 Bc3 28. Rxb7 Bxa5 29. Bxa7 e5 30. Ne2 Rd1+ 31. Kh2 Nxa7 32. Rxa7 Bb6 33. Ra8+ Rd8 34. Rxd8+ Bxd8 35. g4 Kg7 36. Kg2 Kf6 37. Ng3 Ke6 38. Kf3 f5 39. Ke2 Bh4 40. Nf1 Bg5 41. Nh2 e4 42. f3 e3 43. h4 Bxh4 44. Kxe3 Bd8 45. gxf5+ Kxf5 46. Kf2 Bc7 47. Ng4 Bb6+ 48. Kg2 h5 49. Nh2 Bc7 50. Nf1 Bf4 51. Kh3 Kg5 52. Kg2 Kh4 53. Kg1 Kh3 54. Kh1 Kh4 55. Kg2 Kg5 56. Kh3 Kf5 57. Kh4 Ke5 58. Kh3 Kd4 59. Kg2 Kd3 60. Kf2 h4 61. Kg1 Ke2 62. Kg2 g5 63. Kg1 Kxf3 64. Kh1 Kf2 0-1

[Event "Mercredi 2026.02.18 ABCD"]
[Site "Montreal CAN"]
[Date "2026.02.18"]
[Round "1"]
[White "Charest, Johanne"]
[Black "Qi, Jason"]
[Result "0-1"]
[WhiteElo "1989"]
[BlackElo "1922"]
[WhiteFideId "-1"]
[BlackFideId "-1"]
[PlyCount "94"]
[GameId "2289508456998769"]
[EventDate "2026.02.18"]
[EventType "tourn"]
[EventRounds "5"]
[EventCountry "CAN"]

1. e4 c5 2. f4 d5 3. exd5 Qxd5 4. Qf3 Nf6 5. Bb5+ Bd7 6. Nc3 Qxf3 7. Nxf3 Nc6 8. O-O e6 9. d3 Be7 10. Ne5 Nd4 11. Nxd7 Nxd7 12. Ba4 a6 13. Be3 b5 14. Bb3 Nxb3 15. axb3 O-O 16. Ne4 Rfc8 17. Rf3 Nf6 18. Nxf6+ Bxf6 19. c3 a5 20. Kf1 c4 21. bxc4 bxc4 22. d4 a4 23. Ke1 Rcb8 24. Rf2 Rb3 25. Kd1 Kf8 26. Bc1 Ke7 27. Kc2 Rb5 28. g4 g6 29. Re2 Kd7 30. h3 h5 31. g5 Bg7 32. h4 Kc6 33. Re4 Kd5 34. Re2 Kc6 35. Re4 Bf8 36. Re5 Rb7 37. Kd1 Bd6 38. Re2 Rb5 39. Ke1 Rf5 40. Rf2 Kd5 41. Re2 Bxf4 42. Bxf4 Rxf4 43. Re5+ Kd6 44. Rc5 Rxh4 45. Kf2 Rh2+ 46. Kg1 Rxb2 47. Rxc4 a3 0-1

[Event "Mercredi 2026.02.18 ABCD"]
[Site "Montreal CAN"]
[Date "2026.02.25"]
[Round "2"]
[White "Qi, Jason"]
[Black "Jacquet, Stephane"]
[Result "0-1"]
[WhiteElo "1922"]
[BlackElo "1987"]
[WhiteFideId "-1"]
[BlackFideId "-1"]
[PlyCount "182"]
[GameId "2289508456998770"]
[EventDate "2026.02.18"]
[EventType "tourn"]
[EventRounds "5"]
[EventCountry "CAN"]

1. e4 c5 2. Nf3 Nc6 3. d4 cxd4 4. Nxd4 g6 5. c4 Bg7 6. Be3 Nf6 7. Nc3 O-O 8. f3 e6 9. Ndb5 d5 10. Bc5 Ne7 11. cxd5 exd5 12. exd5 b6 13. Ba3 a6 14. d6 Nf5 15. Nc7 Ra7 16. Qd2 Bh6 17. f4 Rxc7 18. dxc7 Re8+ 19. Be2 Qxc7 20. O-O Ne3 21. Rf3 Bxf4 22. g3 Bg5 23. Qd6 Qxd6 24. Bxd6 Bb7 25. h4 Bxf3 26. hxg5 Bxe2 27. gxf6 Nf5 28. Bf4 Bg4 29. Nd5 h6 30. Nxb6 Re2 31. Nc4 g5 32. Bb8 Bh3 33. Rd1 Rg2+ 34. Kh1 Rc2 35. Rd8+ Kh7 36. b3 Kg6 37. g4 Nh4 38. Nd2 Bxg4 39. Rd3 Kxf6 40. Ne4+ Kg6 41. Rd6+ Kg7 42. Nd2 Rxa2 43. Rd4 Be6 44. Be5+ Kg6 45. Bc7 Nf5 46. Rd8 h5 47. Ne4 Ra1+ 48. Kg2 Ne7 49. Rd6 Ra2+ 50. Kg1 Rc2 51. Bd8 Nf5 52. Rxa6 Rc1+ 53. Kf2 Rc2+ 54. Kg1 g4 55. Ng5 Re2 56. b4 Nd4 57. Rd6 Nf3+ 58. Nxf3 gxf3 59. Rd3 Rg2+ 60. Kh1 Rg4 61. Kh2 Rg2+ 62. Kh1 Rg4 63. Kh2 Rxb4 64. Rxf3 Rd4 65. Bf6 Ra4 66. Bd8 f5 67. Kg3 Rg4+ 68. Kh2 Rd4 69. Bb6 Rb4 70. Bd8 f4 71. Bc7 Kf5 72. Bd6 Rd4 73. Bc7 Bd5 74. Rf2 Kg4 75. Be5 Ra4 76. Rd2 Be4 77. Rd4 Ra2+ 78. Kg1 Kf3 79. Rb4 Re2 80. Rb3+ Kg4 81. Rb2 Re3 82. Rf2 Bf3 83. Bd4 Rd3 84. Bc5 h4 85. Rf1 h3 86. Bf2 Rd2 87. Kh2 Bg2 88. Be1 Re2 89. Rg1 f3 90. Bg3 f2 91. Bxf2 Rxf2 0-1

[Event "Mercredi 2026.02.18 ABCD"]
[Site "Montreal CAN"]
[Date "2026.02.25"]
[Round "2"]
[White "Mok, Yuen Tak"]
[Black "Pomerantz, Daniel"]
[Result "1/2-1/2"]
[WhiteElo "1933"]
[BlackElo "1949"]
[WhiteFideId "-1"]
[BlackFideId "-1"]
[PlyCount "39"]
[GameId "2289508456998771"]
[EventDate "2026.02.18"]
[EventType "tourn"]
[EventRounds "5"]
[EventCountry "CAN"]

1. c4 Nf6 2. Nf3 g6 3. b4 Bg7 4. Bb2 O-O 5. g3 b6 6. Bg2 Bb7 7. O-O d6 8. Qc2 Nbd7 9. d3 c5 10. b5 Qc7 11. Nc3 d5 12. cxd5 Nxd5 13. Nxd5 Bxd5 14. Bxg7 Kxg7 15. a4 a5 16. Qc3+ Kg8 17. Nd2 Bxg2 18. Kxg2 Rad8 19. Nc4 Nf6 20. Rfc1 1/2-1/2

[Event "Mercredi 2026.02.18 ABCD"]
[Site "Montreal CAN"]
[Date "2026.02.25"]
[Round "2"]
[White "Porlier, Xavier"]
[Black "Charest, Johanne"]
[Result "0-1"]
[WhiteElo "1952"]
[BlackElo "1989"]
[WhiteFideId "-1"]
[BlackFideId "-1"]
[PlyCount "48"]
[GameId "2289508456998772"]
[EventDate "2026.02.18"]
[EventType "tourn"]
[EventRounds "5"]
[EventCountry "CAN"]

1. e4 e5 2. Nc3 Bc5 3. Bc4 Nf6 4. d3 d6 5. h3 Nc6 6. Bg5 Be6 7. Nge2 h6 8. Bh4 Nd4 9. Qd2 Bxc4 10. dxc4 Nxe4 11. Nxe4 Qxh4 12. N2g3 O-O 13. c3 Ne6 14. Qe2 Nf4 15. Qf3 f5 16. Nxc5 dxc5 17. O-O-O e4 18. Qe3 Nd3+ 19. Kb1 f4 20. Qxe4 Nxf2 21. Qe6+ Kh8 22. Nf5 Qf6 23. Qxf6 Rxf6 24. Ne7 Nxh1 0-1

[Event "Mercredi 2026.02.18 ABCD"]
[Site "Montreal CAN"]
[Date "2026.03.04"]
[Round "3"]
[White "Charest, Johanne"]
[Black "Mok, Yuen Tak"]
[Result "0-1"]
[WhiteElo "1989"]
[BlackElo "1933"]
[WhiteFideId "-1"]
[BlackFideId "-1"]
[PlyCount "168"]
[GameId "2289508456998773"]
[EventDate "2026.02.18"]
[EventType "tourn"]
[EventRounds "5"]
[EventCountry "CAN"]

1. e4 c6 2. d4 d5 3. Nc3 dxe4 4. Nxe4 Bf5 5. Ng3 Bg6 6. Nf3 Nd7 7. Bf4 e6 8. Bd3 Ngf6 9. O-O Be7 10. c4 O-O 11. Bxg6 hxg6 12. Bg5 c5 13. Qb3 Qb6 14. Qxb6 Nxb6 15. b3 cxd4 16. Nxd4 Bc5 17. Rad1 a5 18. Nc2 Rfc8 19. Rd3 Nbd7 20. Be3 Ne5 21. Rd2 Bxe3 22. Nxe3 a4 23. Rfd1 Kf8 24. Kf1 Rab8 25. Nc2 b5 26. cxb5 axb3 27. axb3 Rxb5 28. Nd4 Rb4 29. Ke2 Ke7 30. h3 Nd5 31. Ra1 Nf4+ 32. Kf1 Rd8 33. Rad1 f5 34. Ndxf5+ gxf5 35. Rxd8 Rxb3 36. Ra8 Rb2 37. Ra7+ Kf6 38. Nh1 Nc4 39. Ra4 Nd2+ 40. Ke1 Nxg2+ 41. Ke2 Ne4+ 42. Kf3 Nh4+ 43. Ke3 Nc3 44. Rxh4 Nxd1+ 45. Kf3 g5 46. Ra4 Nc3 47. Ra3 Ne4 48. Re3 Rc2 49. Re2 Rc3+ 50. Re3 Rc1 51. Ng3 Nd2+ 52. Ke2 Nc4 53. Rb3 Ra1 54. Rc3 Ne5 55. Rb3 Ng6 56. Nh5+ Ke7 57. Rb7+ Kd6 58. Rg7 Nf4+ 59. Nxf4 gxf4 60. Kf3 Ke5 61. Rb7 Ra3+ 62. Kg2 Kf6 63. Rb6 Rc3 64. Ra6 Rc4 65. Kf3 Re4 66. Ra8 Kg6 67. Rg8+ Kf7 68. Ra8 e5 69. Ra7+ Kg6 70. Ra8 Rb4 71. Rg8+ Kf7 72. Rg5 Rb3+ 73. Kg2 Kf6 74. Rg8 e4 75. h4 Kf7 76. Rg5 Kf6 77. Rg8 Rb7 78. Rf8+ Rf7 79. Ra8 Kg6 80. Rg8+ Kh5 81. Rh8+ Kg6 82. Ra8 Rf6 83. Rg8+ Kf7 84. Rg5 Rg6 0-1

[Event "Mercredi 2026.02.18 ABCD"]
[Site "Montreal CAN"]
[Date "2026.03.04"]
[Round "3"]
[White "Pomerantz, Daniel"]
[Black "Qi, Jason"]
[Result "1-0"]
[WhiteElo "1989"]
[BlackElo "1922"]
[WhiteFideId "-1"]
[BlackFideId "-1"]
[PlyCount "65"]
[GameId "2289508456998774"]
[EventDate "2026.02.18"]
[EventType "tourn"]
[EventRounds "5"]
[EventCountry "CAN"]

1. e4 c5 2. Nf3 e6 3. d4 cxd4 4. Nxd4 Nc6 5. Nc3 Qc7 6. Ncb5 Qb8 7. Bd3 a6 8. Nxc6 dxc6 9. Nc3 e5 10. a4 a5 11. O-O Nf6 12. Kh1 Be7 13. f4 h5 14. Bc4 O-O 15. f5 b5 16. axb5 cxb5 17. Bb3 Bb7 18. Nd5 Bxd5 19. Bxd5 Rd8 20. Qf3 Nxd5 21. exd5 Qd6 22. Rd1 Qc5 23. c3 Bf6 24. Be3 Qc4 25. d6 Ra6 26. d7 e4 27. Qxh5 Qc6 28. g4 Be5 29. g5 Rxd7 30. g6 fxg6 31. fxg6 Rxd1+ 32. Rxd1 Qc7 33. Bc5 1-0

[Event "Mercredi 2026.02.18 ABCD"]
[Site "Montreal CAN"]
[Date "2026.03.17"]
[Round "3"]
[White "Jacquet, Stephane"]
[Black "Porlier, Xavier"]
[Result "1-0"]
[WhiteElo "1987"]
[BlackElo "1952"]
[WhiteFideId "-1"]
[BlackFideId "-1"]
[PlyCount "51"]
[GameId "2289508456998775"]
[EventDate "2026.02.18"]
[EventType "tourn"]
[EventRounds "5"]
[EventCountry "CAN"]

1. d4 d5 2. c4 e6 3. Nc3 Nf6 4. cxd5 exd5 5. Bg5 Be7 6. e3 h6 7. Bh4 O-O 8. Bd3 c6 9. Nf3 Nbd7 10. O-O Re8 11. Qc2 Nf8 12. Ne5 Ne6 13. f4 c5 14. Bb5 Rf8 15. dxc5 Bxc5 16. Bxf6 Bxe3+ 17. Kh1 gxf6 18. Ng4 Nd4 19. Qd1 Bxg4 20. Qxg4+ Kh8 21. Qh5 Kg7 22. Qg4+ Kh8 23. Qh3 Ne6 24. Qxh6+ Kg8 25. Bd3 Re8 26. Bh7+ 1-0

[Event "Mercredi 2026.02.18 ABCD"]
[Site "Montreal CAN"]
[Date "2026.03.11"]
[Round "4"]
[White "Mok, Yuen Tak"]
[Black "Qi, Jason"]
[Result "1-0"]
[WhiteElo "1933"]
[BlackElo "1922"]
[WhiteFideId "-1"]
[BlackFideId "-1"]
[PlyCount "105"]
[GameId "2289508457027448"]
[EventDate "2026.02.18"]
[EventType "tourn"]
[EventRounds "5"]
[EventCountry "CAN"]

1. Nf3 d5 2. g3 b6 3. Bg2 Bb7 4. d4 e6 5. b3 Bd6 6. Bb2 Nd7 7. O-O Ngf6 8. e3 O-O 9. Qe2 Qe7 10. c4 Rac8 11. cxd5 exd5 12. Nc3 a6 13. Rfd1 Rfd8 14. a3 c5 15. dxc5 bxc5 16. Nh4 Qe6 17. Qd3 Ne5 18. Qf5 g6 19. Qxe6 fxe6 20. Ne2 Kf7 21. e4 dxe4 22. Rxd6 Rxd6 23. Bxe5 Rd2 24. Bxf6 Kxf6 25. Nc3 Rb2 26. Nxe4+ Bxe4 27. Bxe4 Rxb3 28. Ng2 c4 29. Ne3 c3 30. Kf1 Rd8 31. Ke1 Rd2 32. Rc1 Ra2 33. a4 Rbb2 34. Rxc3 Re2+ 35. Kd1 Rad2+ 36. Kc1 Ra2 37. Bc2 Re1+ 38. Kd2 Rh1 39. h4 h5 40. Rc6 Rh2 41. Ke2 Ke5 42. Rxa6 Rh1 43. Kf3 Rh2 44. Rxe6+ Kxe6 45. Bb3+ Kf6 46. Bxa2 Rh1 47. Bc4 Ra1 48. Bb5 Ke5 49. Nc4+ Kd4 50. Kf4 Ra2 51. f3 Rg2 52. Nb6 Kc5 53. Nd7+ 1-0

[Event "Mercredi 2026.02.18 ABCD"]
[Site "Montreal CAN"]
[Date "2026.03.11"]
[Round "4"]
[White "Porlier, Xavier"]
[Black "Pomerantz, Daniel"]
[Result "0-1"]
[WhiteElo "1952"]
[BlackElo "1989"]
[WhiteFideId "-1"]
[BlackFideId "-1"]
[PlyCount "62"]
[GameId "2289508457027449"]
[EventDate "2026.02.18"]
[EventType "tourn"]
[EventRounds "5"]
[EventCountry "CAN"]

1. e4 c5 2. Nc3 Nc6 3. f4 g6 4. Nf3 Bg7 5. Bb5 Nd4 6. Bd3 a6 7. Nxd4 cxd4 8. Ne2 d6 9. O-O Nf6 10. h3 e5 11. b3 O-O 12. Bb2 Re8 13. Ng3 h5 14. Qf3 h4 15. Nh1 Bd7 16. Rae1 Bb5 17. f5 g5 18. Nf2 Bxd3 19. Nxd3 Rc8 20. c3 d5 21. Nf2 dxc3 22. dxc3 Qb6 23. exd5 e4 24. Qe3 Qxe3 25. Rxe3 Nxd5 26. Rxe4 Bxc3 27. Bxc3 Nxc3 28. Rg4 f6 29. Kh2 Re2 30. a4 Nd5 31. Ne4 Ne3 0-1

[Event "Mercredi 2026.02.18 ABCD"]
[Site "Montreal CAN"]
[Date "2026.03.11"]
[Round "4"]
[White "Charest, Johanne"]
[Black "Jacquet, Stephane"]
[Result "0-1"]
[WhiteElo "1989"]
[BlackElo "1987"]
[WhiteFideId "-1"]
[BlackFideId "-1"]
[PlyCount "56"]
[GameId "2289508457027450"]
[EventDate "2026.02.18"]
[EventType "tourn"]
[EventRounds "5"]
[EventCountry "CAN"]

1. e4 e6 2. d4 d5 3. Nc3 dxe4 4. Nxe4 Nd7 5. Nf3 Ngf6 6. Ng3 c5 7. Be2 b6 8. O-O Bb7 9. h3 Qc7 10. c3 Bd6 11. Ne5 Nxe5 12. dxe5 Bxe5 13. Bf3 O-O 14. Bxb7 Qxb7 15. Nh5 Rad8 16. Qe2 Qd5 17. Nxf6+ Bxf6 18. Bf4 Qd3 19. Qxd3 Rxd3 20. Rad1 Rfd8 21. Rxd3 Rxd3 22. Rc1 e5 23. Be3 h6 24. Kf1 e4 25. Ke2 c4 26. Rc2 Be5 27. Rd2 f5 28. g3 g5 0-1